[Event "Wohlen op 3rd"]
[Site "Wohlen"]
[Date "2022.08.20"]
[Round "3"]
[White "Abeln, Dirk"]
[Black "Hertzer, Laurens"]
[Result "1/2-1/2"]
[WhiteElo "1668"]
[BlackElo "1448"]
[PlyCount "98"]
[EventDate "2022.08.19"]
[EventType "swiss"]
[EventRounds "5"]
[EventCountry "SUI"]
[SourceTitle "CBM 210 Extra"]
[Source "ChessBase"]
[SourceDate "2022.11.30"]
[SourceVersion "1"]
[SourceVersionDate "2022.11.30"]
[SourceQuality "1"]

1. e4 c5 2. Nf3 e6 3. d4 cxd4 4. Nxd4 Qb6 5. Nb3 Nc6 6. Be3 Qc7 7. Be2 Nf6 8. f3 d5 9. Bd3 Bd6 10. g3 dxe4 11. fxe4 e5 12. Nc3 0-0 13. Nb5 Qe7 14. Nxd6 Qxd6 15. Bc5 Qe6 16. Bxf8 Kxf8 17. Qe2 Bd7 18. 0-0-0 Qe7 19. h3 a5 20. c3 Ne8 21. Qe3 Nc7 22. Nc5 Rb8 23. Bc4 Be8 24. Rh2 b6 25. Nd3 b5 26. Bb3 b4 27. cxb4 Nxb4 28. a3 Nc6 29. Ba4 Nd4 30. Bxe8 Qxe8 31. Kb1 Qa4 32. Rc1 Na6 33. Nc5 Nxc5 34. Rxc5 Nb5 35. Ka2 f6 36. Rhc2 Nd6 37. Qd3 Qd7 38. Rd5 Qe6 39. Ka1 Rd8 40. Rc6 Ke7 41. Rc7+ Rd7 42. Rxd7+ Qxd7 43. Rxa5 Qxh3 44. Ra7+ Ke8 45. Qxd6 Qf1+ 46. Ka2 Qc4+ 47. Ka1 Qc1+ 48. Ka2 Qc4+ 49. Kb1 Qxe4+ 1/2-1/2

[Event "Lugano op"]
[Site "Lugano"]
[Date "2021.07.30"]
[Round "1"]
[White "Hertzer, Laurens"]
[Black "Morello, Alessio"]
[Result "0-1"]
[WhiteElo "1327"]
[BlackElo "1925"]
[PlyCount "28"]
[EventDate "2021.07.30"]
[EventType "swiss"]
[EventRounds "5"]
[EventCountry "SUI"]
[SourceTitle "EXT 2022"]
[Source "ChessBase"]
[SourceDate "2021.10.06"]
[SourceVersion "1"]
[SourceVersionDate "2021.10.06"]
[SourceQuality "1"]

1. e4 c5 2. Nf3 d6 3. d4 cxd4 4. Nxd4 Nf6 5. Nc3 Nc6 6. Be3 Ng4 7. Bg5 Qb6 8. f3 Qxd4 9. fxg4 Qxd1+ 10. Nxd1 Bxg4 11. Ne3 Bd7 12. Nd5 0-0-0 13. Bb5 h6 14. Bxc6 bxc6 0-1